000 01089nam a2200229Ia 4500
003 Ost
005 20260507075651.0
008 260507s9999||||xx |||||||||||||| ||und||
020 _a4464287977
040 _cfsecg
041 _aara
082 _a302.231
100 _aشفيق، حسنين
_eمؤلف
245 0 _aالإعلام الإلكتروني /
_c حسنين شفيق
260 _aالقاهرة:
_bدار الكتب العلمية للنشر والتوزيع,
_c2005
300 _a240 صفحة؛
_bإيضاحات ؛
_c24 سم
504 _aالمراجع ص.233
520 _aالوظائف الإعلامية للأنترنت- الصحافة الإلكترونية- الراديو عبر الأنترنت- التلفزيون التفاعلي- الإعلان عبر الأنترنت- العلاقات العامة عبر الانترنت- الدعاية عبر الأنترنت- انعكاسات الأنترنت على الوسيط الإعلامي.
653 _aالإعلام - الإعلان
653 _aالإعلام الإلكتروني
942 _cكتاب
999 _c45595
_d45595